000
00304nam a2200145Ia 4500
100
_a
Keiser/Gerd
942
_c
BK
654
_a
Local area networks
245
_a
Local Area Networks
260
_b
Mc Graw Hill
_a
Singapore
_c
1989
082
_a
4.68
300
_a
420
546
_a
ENGLISH
999
_c
18876
_d
18876